00465nam a2200205Ia 450000500170000000800460001702000180006303700100008104000080009104000080009904000080010704100080011504100080012308400080013124500230013926000260016226000090018865000130019785600490021020260306150723.0008 260114s9999 xx 000 0 eng d a9780300134681 aEbook aCRL beng cCRL 2eng aeng qCRL 0aHaunted by Parents bYale University Press c2008 aMedicine uhttps://www.degruyter.com/isbn/9780300134681